000 00466nam a2200181Ia 4500
005 20250326142433.0
008 250326s9999 xx 000 0 und d
037 _aTextbook
040 _aFMSL
_beng
_cFMSL
041 _aeng
_2eng
084 _qFMSL
100 _aUnited Nation
245 0 _aWorld investment report 1995
_cUnited Nation
260 _aNew York
_bNew York, United Nation
_c1995
300 _a491p
942 _cTB
999 _c1295022
_d1295022